Kết cấu công trình
Nội dung gồm kết cấu thép, gỗ, kết cấu bê tông cốt thép và gạch đá, kết cấu sàn, kết cấu nhà, kết cấu móng...
Gorde:
| Egile nagusia: | |
|---|---|
| Formatua: | Liburua |
| Hizkuntza: | Undetermined |
| Argitaratua: |
Hà Nội
Xây dựng
2011
|
| Gaiak: | |
| Etiketak: |
Etiketa erantsi
Etiketarik gabe, Izan zaitez lehena erregistro honi etiketa jartzen!
|
| Thư viện lưu trữ: | Trung tâm Học liệu Trường Đại học Cần Thơ |
|---|
| LEADER | 00784nam a2200205Ia 4500 | ||
|---|---|---|---|
| 001 | CTU_169192 | ||
| 008 | 210402s9999 xx 000 0 und d | ||
| 020 | |c 79000 | ||
| 082 | |a 624.1834 | ||
| 082 | |b C455 | ||
| 100 | |a Nguyễn, Đình Cống | ||
| 245 | 0 | |a Kết cấu công trình | |
| 245 | 0 | |c Nguyễn Đình Cống chủ biên | |
| 260 | |a Hà Nội | ||
| 260 | |b Xây dựng | ||
| 260 | |c 2011 | ||
| 520 | |a Nội dung gồm kết cấu thép, gỗ, kết cấu bê tông cốt thép và gạch đá, kết cấu sàn, kết cấu nhà, kết cấu móng... | ||
| 650 | |a Concrete construction,Công trình bê tông | ||
| 904 | |i Trọng Hiếu | ||
| 980 | |a Trung tâm Học liệu Trường Đại học Cần Thơ | ||